000 00929cam a2200265 a 4500
001 C01073833c-3
003 CO-ViMGA
005 20230915233554.0
008 060124s2006 ck d gr 00010dspa d
020 _a9789587621723
040 _aCO-ViMGA
_bspa
_cCO-ViMGA
043 _as-ck---
082 0 4 _a368.16
_bS16c
_220 ed.
100 1 _aSanz de Acedo Lizarraga, Maria Luisa.
_9541
245 1 0 _aCompetencias cognitivas en educación superior /
_cMaria Luisa Sanz de Acedo Lizarraga
260 _aBogotá :
_bEdiciones de la U
_c2013.
300 _a160 p. :
_bdiagrs. ;
_c24 cm.
650 1 4 _aCalidad en la educación superior
_z Colombia.
_911353
650 1 4 _aEducación superior
_x Metodología.
_911354
650 1 4 _aEducación superior
_z Colombia.
_95397
650 1 4 _aEvaluación de la información
_911795
650 1 4 _aCompetencias en educación.
_911352
650 1 4 _apensamiento critico
_911355
942 _2ddc
_cBK
999 _c36869
_d36869